Empleo pleno y otros temas (Registro nro. 72211)
[ vista simple ]
| 000 -ENCABEZADO | |
|---|---|
| Número de control [NR] | 01868nam a2200265Ia 4500 |
| 005 - FECHA Y HORA DE LA ÚLTIMA TRANSACCIÓN | |
| control field | 20260410120627.0 |
| 008 - DE LONGITUD FIJA DE DATOS DE ELEMENTOS - INFORMACIÓN GENERAL | |
| Elementos de longitud fija [NR] | 130821s1948 ck ad fr spa |
| 040 ## - FUENTE DE CATALOGACION [NR] | |
| Agencia de catalogación original [NR] | Co-BoUCM |
| Idioma de catalogación [NR] | spa |
| Quien Cataloga | Sandra Yazo (modificó) |
| Quien Clasifica | Sandra Yazo (modificó) |
| 041 00 - CODIGO DE IDIOMA [R] | |
| Código de idioma para texto/pista de sonido o título separado [R] | Español |
| 082 04 - NUMERO DE CLASIFICACION DECIMAL DEWEY [R] | |
| Número de clasificación [R] | 330 |
| Número de la edición [NR] | 20 |
| 100 1# - ASIENTO PRINCIPAL--NOMBRE PERSONAL [NR] | |
| Nombre personal [NR] | Echavarría Olózaga, Hernán |
| Fechas asociadas con el nombre [NR] | 1911-2006 |
| ID Autoridad | 53743 |
| 245 10 - MENCION DE TITULO [NR] | |
| Título [NR] | Empleo pleno y otros temas |
| Mención de responsabilidad, etc. [NR] | Hernán Echavarría O. |
| 260 ## - PUBLICACION, DISTRIBUCION, ETC. (PIE DE IMPRENTA) [R] | |
| Lugar de publicación, distribución, etc. [R] | Bogotá (Colombia) |
| Nombre del editor, distribuidor, etc. [R] | Minerva |
| Fecha de publicación, distribución, etc. [R] | 1948 |
| 300 ## - DESCRIPCION FISICA [R] | |
| Extensión [R] | 306 páginas . |
| Otros detalles físicos [NR] | ilustraciones, gráficas |
| 500 ## - NOTA GENERAL [R] | |
| Nota general [NR] | Detalles físicos: Encuadernación flexible, tapa delantera impresa en varias tintas, rotura en bordes. Guardas. Anteportada. Portada impresa en una sola tinta, sello de tinta. Texto impreso en una columna, notas al pie de página. Gráficas entre el texto. Notoria rotura en borde inferior en páginas 273 en adelante. Donación Dr. Álvaro Daza Roa. Transferencia al Archivo Histórico en el año 2025. |
| 500 ## - NOTA GENERAL [R] | |
| Nota general [NR] | Fondo Álvaro Daza Roa. |
| 505 ## - NOTA DE CONTENIDO CON FORMATO PREESTABLECIDO [R] | |
| Nota de contenido con formato preestablecido [NR] | Lo que se entiende por inflación ; La renta nacional y la acumulación de bienes de capital ; Algo sobre el incentivo para invertir ; Algunos aspectos de la inflación ; Control de precios y racionamiento ; algunas posibilidades de control de precios y racionamiento ; alza de sueldos y jornales ; Congelación de poder de compra ; Medidas de control de lujo y la capitalización ; tendencias de la teoría monetaria moderna ; Anotaciones a nuestro sistema monetario ; El cambio y la estabilización monetaria ; Crítica de la política económica en el Quinquenio 1941-46 |
| 506 ## - NOTA DE RESTRICCIONES DE ACCESO [R] | |
| Condiciones de acceso [NR] | Consulta en sala |
| 600 #7 - ASIENTO SECUNDARIO DE MATERIA - NOMBRE PERSONAL [R] | |
| Nombre personal [NR] | Keynes, John Maynard |
| Subdivisión general [R] | Sistemas |
| 9 (RLIN) | 111081 |
| 650 04 - ASIENTO SECUNDARIO DE MATERIA - TERMINO TEMATICO [R] | |
| Término temático o nombre geográfico como elemento de entrada [NR] | Empleo |
| Subdivisión general [R] | Aspectos económicos |
| 9 (RLIN) | 177184 |
| 650 04 - ASIENTO SECUNDARIO DE MATERIA - TERMINO TEMATICO [R] | |
| Término temático o nombre geográfico como elemento de entrada [NR] | Inflación |
| 9 (RLIN) | 17570 |
| 650 04 - ASIENTO SECUNDARIO DE MATERIA - TERMINO TEMATICO [R] | |
| Término temático o nombre geográfico como elemento de entrada [NR] | Sistemas económicos |
| 9 (RLIN) | 24652 |
| 690 ## - ASUNTO AGREGADO LOCAL DE ENTRADA - TÉRMINO TEMÁTICO (OCLC, RLIN) | |
| Acceso temático local | Economía |
| 9 (RLIN) | 174 |
| 942 ## - ELEMENTOS DE ENTRADA AGREGADOS (KOHA) | |
| Tipo de ítem principal el descrito en 300a | Libro |
| Tema principal | 7 |
| Edición | 1 |
| Parte restante de la signatura top. | E182p |
| Sistema de clasificación | DEWEY |
| Clasificación | 330 |
| Suprimido | Perdido | Sistema de clasificación | Dañado | No prestable | Tipo de ítem específico | Ubicación habitual | Ubicación actual | Localización | Fecha de creación | Forma de adquisición | Costo | Signatura topográfica | Código de barras | Última vez visto | Fecha de último préstamo | Ejemplar | Price effective from | Tipo de ítem | Nota pública (OPAC) |
|---|---|---|---|---|---|---|---|---|---|---|---|---|---|---|---|---|---|---|---|
| DEWEY | Fondos especiales | Archivo Histórico | Archivo Histórico | Archivo histórico | 30/09/2011 | Donación | 26000.00 | FAD 330 E182p | 100113175 | 09/05/2018 | 29/11/2011 | Ej.1 | 03/02/2013 | Libro | FAD C1 |